000 00681nam a22002177a 4500
003 OSt
005 20140310181913.0
008 130715t xxu||||| |||| 00| 0 eng d
020 _a0865303150
050 _aLB 3060.3
_b.B832 1995
082 _aTR 371.2
_bC7 1989
245 _aStrategies and activities to raise student achievement /
_cTerri Breeden and Emalie Egan.
260 _aTennessee :
_bIncentive Publications, Inc,
_cc1995.
300 _a127 p. :
_bill. ;
_c28 cm.
500 _aIncludes bibliographical references and index.
520 _a1. Academic achievement 2. Success
521 _aFaculty
541 _j1
562 _e1
942 _2lcc
_cBK-TR
_kTR
999 _c6637
_d6637